Cricket: Highest ODI Partnerships - Statistics

General Stats
  • This quiz has been taken 18 times
  • The average score is 24 of 42
Answer Stats
For Against Year Wicket Runs Answer % Correct
IND NZ 1999 2nd 331 Sachin Tendulkar
100%
Sachin Tendulkar
100%
WI ZIM 2015 2nd 372 Chris Gayle
94%
Aaron Finch
88%
AUS PAK 2017 1st 284 David Warner
88%
AUS AFG 2015 2nd 260 David Warner
88%
AUS IND 2020 1st 258* David Warner
88%
Steve Smith
88%
Rahul Dravid
82%
Rahul Dravid
82%
Sanath Jayasuriya
82%
Brendon McCullum
76%
Hashim Amla
76%
SA BAN 2017 1st 282* Quinton de Kock
76%
IND SL 1999 2nd 318 Sourav Ganguly
76%
IND KEN 2001 1st 258 Sourav Ganguly
76%
Fakhar Zaman
65%
PAK ZIM 2018 1st 304 Imam-ul-Haq
65%
Inzamam-ul-Haq
65%
ENG SL 2016 1st 256* Jason Roy
65%
Tillakaratne Dilshan
65%
Shai Hope
59%
Ajay Jadeja
53%
Alex Hales
53%
Marlon Samuels
53%
BAN ZIM 2020 1st 292 Tamim Iqbal
53%
IND ZIM 1998 4th 275* Mohammad Azharuddin
47%
Liton Das
41%
WI BAN 2002 3rd 258 Darren Bravo
35%
SA ZIM 2015 5th 256* David Miller
35%
Luke Ronchi
35%
SL ENG 2006 1st 286 Upul Tharanga
35%
SL ZIM 2011 1st 282 Upul Tharanga
35%
PAK NZ 1994 2nd 263 Aamer Sohail
29%
JP Duminy
29%
Travis Head
29%
NZ IRE 2008 1st 274 James Marshall
24%
Abdul Razzaq
18%
NZ SL 2015 6th 267* Grant Elliott
18%
WI IRE 2019 1st 365 John Campbell
18%
PAK SA 2002 2nd 257 Saleem Elahi
12%
Denesh Ramdin
6%
No matching quizzes found
Score Distribution
Percent of People with Each Score
Percentile by Number Answered
Your Score History
You have not taken this quiz